000 00828nam a2200265 i 4500
003 DO-SdBNP
005 20260701142648.0
007 ta
008 260701b1994 pr ||||| |||| 00| 0 spa d
040 _aDO-SdBNP
_bspa
_cBNPHU
_erda
041 _aspa
082 4 _axxx
_bxxx
_222
100 _aSánchez, Luis Rafael,
_eautor
_4aut.
_947612
245 1 3 _aLa guagua aérea /
_cLuis Rafael Sánchez ; editor, Francisco M. Vázquez
250 _asegunda edición
264 1 _aSan Juan, Puerto Rico :
_bEditorial Cultural,
_c©1994.
300 _a214 páginas ;
_c22 cm.
336 _atexto
_btxt
_2rdacontent
337 _asin mediación
_bn
_2rdamedia
338 _avolumen
_bnc
_2rdacarrier
590 _aInventariado, 2026/BT
700 1 _aVázquez, Francisco M.,
_eeditor
_4ed.
_921762
910 _aBtavárez
942 _2ddc
_cLBS1
999 _c60986
_d60986